| 000 | 00622nam a2200217Ia 4500 | ||
|---|---|---|---|
| 003 | GCL | ||
| 008 | 140319s9999 xx 000 0 eng d | ||
| 040 |
_aGCL / _cGCL |
||
| 082 | 0 | 4 |
_a324.6309049 _bL I |
| 100 | 1 | _aLIJPHART, AREND | |
| 245 | 1 | 0 |
_aINSTITUTIONAL DESIGN IN NEW DEMOCRACIES: EASTERN EUROPE AND LATIN AMERICA / _cLIJPHART, AREND |
| 700 | 1 | _aWAISMAN, CARLOS H | |
| 260 |
_a[S.N] : _bWESTVIEW PRESS ، _c1996 |
||
| 300 | _a265 P | ||
| 650 | 0 | 4 | _aLATIN - AMERICA |
| 650 | 0 | 4 | _aEUROPE, CENTRAL |
| 650 | 0 | 4 | _aECONOMIC POLICY |
| 650 | 0 | 4 | _aEUROPE, EASTERN |
| 650 | 0 | 4 | _aPOLICY - GOVERNMENT |
| 942 |
_2ddc _cBK |
||
| 999 |
_c14014 _d14014 |
||